000
00362nam a2200157Ia 4500
008
151213s9999 xx 000 0 und d
100
_a
Brace King
245
_a
Arms & the man
_c
Brace King
250
_a
1st
260
_a
Honkong
_b
Long man
_c
1980
300
_a
2497 p.
650
_a
English
650
_a
English
700
_a
Brace King
999
_c
1708
_d
1708